000 00569nam a2200217Ia 4500
003 OSt
005 20221007082247.0
006 a|||||r|||| 00| 0
007 ta
008 221006b |||||||| |||| 00| 0 eng d
024 _a12,376
037 _cReports / Technical Reports
040 _aFLL
_cFLL
_beng
041 _2eng
_aeng
082 _aV2:5.N66t, K6
245 0 _aStudy team on redress of citizens' grievances
260 _c1966
300 _a17p
_ccm.
942 _hV2:5.N66t, K6
_cREP
_2CC
999 _c1165850
_d1165850